000 01434nam a22003977a 4500
003 CHAP
005 20220817043131.0
008 971013s1987 r 00010 d
010 _a66492
011 _a67464
035 _a76934
040 _cCHAP
090 _aTesis
100 0 0 _aLópez Guadarrama, María Alejandra.
_967946
245 _aDeterminación del efecto alelopático y herbicida de la calabacita (Cucurbita pepo C.) sobre las malezas
260 _aChapingo, Méx. :
_bEl autor,
_c1987
300 _a126 h.
_b: ilus. ; gráfs.
500 _a28-104
502 _aTesis (Ing. Agrónomo Esp. en Fitotecnia) -- UACH. Departamento de Fitotecnia
590 _aALEPH
_b10
_c20130110
_lUCH01
_h1400
590 _aBATCH-UPD
_b10
_c20130110
_lUCH01
_h0418
590 _aBATCH-UPD
_b10
_c20130110
_lUCH01
_h2039
590 _aBATCH-UPD
_b10
_c20130410
_lUCH01
_h0052
590 _aBATCH-UPD
_b10
_c20130914
_lUCH01
_h0814
590 _aCONVERSION
_b10
_c20130109
_lUCH01
_h1337
650 1 4 _aAlelopatia.
_93761
650 1 4 _aCalabaza
_xMalas hierbas
_xCompetencia.
_917281
650 1 4 _aCalabaza
_xMalas hierbas
_xControl.
_917282
650 1 4 _aMalas hierbas
_xCompetencia.
_970009
650 1 4 _aPlantas insecticidas.
_989010
710 _aUACH. Departamento de Fitotecnia
901 _aBK
942 _cFOLL
949 _bBC
_cTES
_d-29793
_eTS1
_h19446
_i76934
_mD
_si
949 _bBC
_cTES
_d33724000774113
_eTS2
_fc.2
_h19447
_i76934
_mD
_si
999 _c66492
_d66492